LEADER 02770nam 2200697 450 001 9910461167603321 005 20200520144314.0 010 $a1-4985-0477-9 035 $a(CKB)3710000000471155 035 $a(EBL)4086450 035 $a(SSID)ssj0001545111 035 $a(PQKBManifestationID)16135489 035 $a(PQKBTitleCode)TC0001545111 035 $a(PQKBWorkID)12796134 035 $a(PQKB)11568232 035 $a(MiAaPQ)EBC4086450 035 $a(Au-PeEL)EBL4086450 035 $a(CaPaEBR)ebr11125277 035 $a(CaONFJC)MIL827627 035 $a(OCoLC)920466382 035 $a(EXLCZ)993710000000471155 100 $a20150128h20152015 uy| 0 101 0 $aeng 135 $aur|n|---||||| 181 $ctxt 182 $cc 183 $acr 200 10$aState power, stigmatization, and youth resistance culture in the French banlieues $euncanny citizenship /$fHerve? Tchumkam 210 1$aLanham [Maryland] :$cLexington Books,$d[2015] 210 4$dİ2015 215 $a1 online resource (193 p.) 225 0 $aAfter the empire : the francophone world and postcolonial France 300 $aDescription based upon print version of record. 311 $a1-4985-0476-0 311 $a1-4985-0475-2 320 $aIncludes bibliographical references and index. 327 $aContents; Acknowledgements; 1 Introduction: Writing (from) the Banlieues; 2 Criminal Identities; 3 Recasting Juvenile Delinquency; 4 The Islamist Threat; 5 The Feminist Metaphor; Conclusion; Bibliography; Index 330 $aState Power, Stigmatization, and Youth Resistance Culture in the French Banlieues: Uncanny Citizenship studies the invisibility of visible minorities in a space relegated to the periphery of major French cities. 410 0$aAfter the Empire: The Francophone World and Postcolonial France 606 $aFrench literature$y21st century$xHistory and criticism 606 $aLiterature and society$zFrance$xHistory$y21st century 606 $aCitizenship in literature 606 $aPostcolonialism in literature 606 $aMarginality, Social$zFrance 606 $aIdentity (Psychology)$zFrance 608 $aElectronic books. 615 0$aFrench literature$xHistory and criticism. 615 0$aLiterature and society$xHistory 615 0$aCitizenship in literature. 615 0$aPostcolonialism in literature. 615 0$aMarginality, Social 615 0$aIdentity (Psychology) 676 $a840.9/0092 700 $aTchumkam$b Herve?$0952023 801 0$bMiAaPQ 801 1$bMiAaPQ 801 2$bMiAaPQ 906 $aBOOK 912 $a9910461167603321 996 $aState power, stigmatization, and youth resistance culture in the French banlieues$92152100 997 $aUNINA LEADER 04501nam 2200445z- 450 001 9910261146303321 005 20210212 035 $a(CKB)4100000002484629 035 $a(oapen)https://directory.doabooks.org/handle/20.500.12854/60896 035 $a(oapen)doab60896 035 $a(EXLCZ)994100000002484629 100 $a20202102d2016 |y 0 101 0 $aeng 135 $aurmn|---annan 181 $ctxt$2rdacontent 182 $cc$2rdamedia 183 $acr$2rdacarrier 200 00$aThird-Generation Neuroimaging: Translating Research into Clinical Utility 210 $cFrontiers Media SA$d2016 215 $a1 online resource (224 p.) 225 1 $aFrontiers Research Topics 311 08$a2-88945-044-9 330 $aPsychiatric imaging needs to move away from simple investigations of the neurobiology underling the early phases of psychiatric diseases to translate imaging findings in the clinical field targeting clinical outcomes including transition, remission and response to preventative interventions. This research topic aims to bring psychiatric neuroimaging studies towards translational impacts in clinical practice, suggesting that brain abnormalities may be of potential use for detecting clinical outcomes as treatment response. First-generation psychiatric neuroimaging focused on simple structural brain alterations associated with the neurobiology of the illness. These early studies adopted imaging methods mainly including computerized tomography (CT) to investigate brain size. Second-generation psychiatric neuroimaging studies benefited from more sophisticated techniques which included structural methods (sMRI) coupled with whole-brain automated methods (voxel based morphometry, VBM), white-matter methods (diffusion tensor imaging, DTI and tractography), functional methods (functional magnetic resonance imaging, fMRI) and advanced neurochemical imaging (PET techniques addressing receptor bindings and pre/post synaptic functions, magnetic resonance spectroscopy, MRS) and sophisticated meta-analytical imaging methods. However, no consistent or reliable anatomical or functional brain alterations have been univocally associated with any psychiatric disorder and no clinical applications have been developed in psychiatric neuroimaging. There is thus urgent need of psychiatric imaging to move towards third-generation paradigms. In this research topic, these novel neuroimaging studies here requested to move away from simple investigations of the neurobiology to translate imaging findings in the clinical field targeting longitudinal outcomes including transition, remission and response to preventative interventions. With respect to methods, the most recent neuroimaging approaches (e.g. structural and functional MRI, EEG, DTI, spectroscopy, PET) are welcome. Third generation psychiatric imaging studies including multimodal approaches, multi-center analyses, mega-analyses, effective connectivity, dynamic causal modelling, support vector machines, structural equation modelling, or graph theory analysis are highly appreciated. Furthermore, these third-generation imaging studies may benefit from the incorporation of new sources of neurobiological information such as whole genome sequencing, proteomic, lipidomic and expression profiles and cellular models derived from recent induced pluripotent stem cells research. We collect Original Research, Reviews, Mini-Reviews, Book Review, Clinical Case Study, Clinical Trial, Editorial, General Commentary, Hypothesis & Theory, Methods, Mini Opinion, Perspective, and Technology Report from international researcher and clinicians in this field. The purpose of this research topic is intended to provide the field with current third-generation neuroimaging approaches in translational psychiatry that is hoped to improve and create therapeutic options for psychiatric diseases. 517 $aThird-Generation Neuroimaging 606 $aMedicine and Nursing$2bicssc 610 $aclinical outcomes 610 $aclinical utility 610 $aNeuroimaging 610 $aprediction 610 $aPsychiatry 610 $aremission 610 $aTransition 610 $atranslational psychiatry 615 7$aMedicine and Nursing 700 $aAndre Schmidt$4auth$01328699 702 $aBorgwardt$b Stefan$4auth 906 $aBOOK 912 $a9910261146303321 996 $aThird-Generation Neuroimaging: Translating Research into Clinical Utility$93038845 997 $aUNINA